Quiz sur Disneyland Paris - Statistiques

Statistiques générales
  • Ce quiz a été pris 1 859 fois
    1 846 depuis la dernière actualisation
  • Le résultat moyen est 9 sur 10
Statistiques - réponses
Question Réponse % Correct
Comment s'appelle l'attraction où nous voyageons dans un bateau et où nous découvrons des poupées de tous les pays ? It's a small world
98%
Quel château se trouve au centre du parc Disneyland Paris ? Château de la Belle au Bois Dormant
96%
Quel film n'a pas son attraction ? Retour vers le futur
95%
Dans quel monde se trouve l'attraction " Orbitron " ? Discoveryland
90%
Comment s'appelle l'attraction où l'on se retrouve dans un wagon d'une vieille mine ? The Big Thunder Mountain
90%
En entrant dans le parc,comment s'appelle le premier monde qui représente une petite ville des Etats-Unis ? Main Street USA
87%
En quelle année Disneyland Paris a ouvert ses portes ? 1992
86%
Parmi ces trois noms, lequel n'est PAS le nom d'un hôtel Disney ? Le Rain Forest
85%
Comment s'appelle le ticket que l'on peut prendre pour accéder plus vite à une attraction et éviter une longue file d'attente ? Fastpass
83%
De quel dessin animé est tiré l'attraction des tasses qui tournent ? Alice Aux Pays Des Merveilles
82%
Aucun quiz correspondant
Distribution des résultats
% des personnes avec chaque résultat
Percentile par nombre de réponses
Votre historique - résultats
Vous n’avez pas pris ce quiz depuis la dernière actualisation